Predstavlenije i ispoľzovanije znanij : Perevod s angl /

Saved in:
Bibliographic Details
Main Authors: Isidzuka, M (Author), Ueno, Ch (Author)
Format: Book
Published: Moskva : Mir, 1989
Tags: Add Tag
No Tags, Be the first to tag this record!

MARC

LEADER 00000nam a22000003a 4500
001 stu14852
005 20150617225756.7
008 ------s1989----xxr---------------------d
040 |a STU  |b slo 
041 0
044 |a xxr 
080 |a 001 
100 1 |a Isidzuka, M  |4 aut 
245 1 |a Predstavlenije i ispoľzovanije znanij :  |b Perevod s angl /  |c [aut.]Ueno,Ch., Isidzuka,M 
260 |a Moskva :  |b Mir,  |c 1989 
300 |a 218 s :  |b Tab.,grafy,index 
700 1 |a Ueno, Ch  |4 aut 
996 |b C84634  |c C*84634  |l CCVI  |s P  |a 0  |w stu14852_0001